000
00433nam a2200145Ia 4500
008
100122s9999 xx 000 0 und d
082
_b
58976
_a
823
100
_a
आचार्य नयना
245
_a
भुलभुलैय्या
260
_b
गीता एजन्सीज
_c
2000
300
_a
124
630
_a
भुलभुलैय्या
730
_a
भुलभुलैय्या
942
_c
BOOK
999
_c
434680
_d
434677